Responses for Show #3154 - Thursday, April 23, 1998

Contestants

[<< previous game]

Jim Wrightson, a graduate law clerk from San Diego, California

Mary Ryan, an author and business owner from Seattle, Washington

Nina Mulligan, a homemaker from Belchertown, Massachusetts (whose 2-day cash winnings total $23,501)

[next game >>]

Jeopardy! Round responses

SPORTS
HOT DATES
(Alex: An all-audio category called...)
MEET THE BEATLES
LEX' LAB
SEAFOOD DIET
SPANISH CROSSWORD CLUES "N"
    $100 17
(N: Who is Roger Maris?)
(M: Who is Ken Griffey, Jr.?)

Mark McGwire

NinaMary
Triple Stumper
    $100 6
(M: What is the Verrazano-Narrows Bridge?)

Brooklyn Bridge

NinaMary
    $100 1
"I Want to Hold Your Hand"

Jim
    $100 8
Aluminum

Mary
    $100 15
Salmon

Nina
    $100 26
Navidad

Mary
    $200 18
Mike Tyson

Mary
    $200 7
Gettysburg Address

Jim
    $200 2
"Can't Buy Me Love"

Jim
    $200 9
Microscope

Mary
    $200 16
Trout

Jim
    $200 27
nachos

Jim
    $300 23
St. Louis

Jim
    $300 12
"Li'l Abner"

Mary
    $300 3
"Eight Days A Week"

Jim
    $300 10
Geiger counter

Mary
    $300 19
Squid

Nina
    $300 28
nada

Jim
    $1,000 24
(and we have a minute left in the round...)

Eric Heiden

Jim
    $400 13
Lays an Egg

Nina
    $400 4
"Ticket to Ride"

Jim
    $400 11
Prism

Nina
    $400 20
Salt

Triple Stumper
    $400 29
niƱo

Nina
    $500 25
Stanford

Mary
    $500 14
(M: Who is Elvis?)

Jimmy Hoffa

NinaMary
    $500 5
"We Can Work It Out"

Mary
    $500 22
Centrifuge

Jim
    $500 21
(N: What are lobsters?)

Crabs

NinaJim
    $500 30
norte

Jim

Scores at the first commercial break (after clue 15):

Nina Mary Jim
$1,500 $800 $1,200

Scores at the end of the Jeopardy! Round:

Nina Mary Jim
$1,600 $1,500 $4,700

Double Jeopardy! Round responses

GOOD WILL SHAKESPEARE
COMEDIES
HISTORIES
TRAGEDIES
SONNETS
THE GLOBE
    $200 20
Stratford-on-Avon

Jim
    $200 1
Seinfeld

Jim
    $200 13
Amistad

Jim
    $200 12
Sonny Bono

Nina
    $200 9
Moon

Jim
    $200 6
Antarctica

Jim
    $400 21
Twins

Nina
    $400 2
Teen Angel

Jim
    $400 14
Winston Churchill

Mary
    $400 16
Titanic

Nina
    $400 7
Iceberg

Mary
    $600 22
(and we have about a minute to go...)

Saint George

Nina
    $600 3
As Good As It Gets

Jim
    $1,500 15
Thomas Jefferson

Mary
    $600 17
John Denver

Mary
    $600 8
(J: What is Oahu?)

Kauai

Jim
Triple Stumper
    $800 23
Huguenots

Nina
    $800 4
(M: Who are the Three Stooges...Moe?)
(J: Who is Shemp?)
(N: Who are Larry & Curly?)

Moe Howard & Larry Fine

NinaMaryJim
Triple Stumper
    $800 25
"The Guns of August"

Nina
    $1,000 18
The explosion of the Hindenburg

Mary
    $800 10
Marianas Trench

Mary
    $1000 24
Bed

Nina
    $1000 5
MouseHunt

Jim
    $1000 26
Caesar

Triple Stumper
    $1000 19
Zelda Fitzgerald

Nina
    $1000 27
(Nina: What is "Ode to A Grecian Urn"?)
[The end-of-round signal sounds.]

"Ozymandias"

Nina
Triple Stumper
    $1000 11
Caspian Sea

Mary

Scores at the end of the Double Jeopardy! Round:

Nina Mary Jim
$5,000 $6,400 $6,300

[wagering suggestions for these scores]

Final Jeopardy! Round responses

ENTERTAINERS
NinaWho is Bob Hope?
$4,999
JimWho is Bob Hope?
$5,000
MaryWho is Bob Hope
$6,301
Bob Hope

Final scores:

Nina Mary Jim
$9,999 $12,701 $11,300
3rd place: NordicTrack Ellipse Exercise Machine New champion: $12,701 2nd place: Trip to Solmar Suites Resort, Cabo San Lucas, Mexico

Game dynamics:

Coryat scores:

Nina Mary Jim
$5,000 $5,300 $5,700
15 R,
4 W
15 R
(including 2 DDs),
4 W
21 R
(including 1 DD),
2 W

Combined Coryat: $16,000

[game clues] [game scores] [suggest correction]

Game tape date: Unknown
The J! Archive is created by fans, for fans. Scraping, republication, monetization, and malicious use prohibited; this site may use cookies and collect identifying information. See terms. The Jeopardy! game show and all elements thereof, including but not limited to copyright and trademark thereto, are the property of Jeopardy Productions, Inc. and are protected under law. This website is not affiliated with, sponsored by, or operated by Jeopardy Productions, Inc. Join the discussion at JBoard.tv.